000 00233 a2200097 4500
001 47900
100 _aHudson G F
245 _aThe For East in World Politics
260 _aLondon
_bOxford University Press
_c
090 _c30895
_d30895
942 _aNUST-CAE
_cM
_c23219
999 _c282973
_d282973